Movies Quiz

Random Movies or Disney Quiz

Disney Jokes II Quiz Stats

 Plays Quiz Updated Sep 18, 2017

Also try: Disney Jokes
Challenge
Share
Tweet
Embed
Score 0/20 Timer 04:00
0 Plays Today
% Correct
Because she'll let it go
94.6%
'Super cannelloni, but the eggs were quite atrocious'
94.5%
Because the poor didn't have anything worth stealing
94.3%
Evaporated Milk
94%
Moby Duck
93.7%
The No Belle Prize
93.7%
Climb up a tree and act like a nut
92.4%
He wanted to sleep like a log
92.3%
To let her hair down
92%
Because he already 'nose' everything
92%
% Correct
To get to P Sherman, 42 Wallaby Way, Sydney...I REMEMBERED IT!
91.5%
Mulan rouge
91.4%
Apparently they found a giant mouse walking round
91.2%
Because he was hoarse.
91%
'I see, and how long have you been having these Disney spells?'
91%
Ra-Pun-zel
90.7%
Because they got lost at C
90.2%
Icebergers
90.2%
Sin-derella
90%
To draw the curtains
82.7%

You're not logged in!

Compare scores with friends on all Sporcle quizzes.
Join for Free
OR
Log In

You Might Also Like...

Show Comments

Extras

Top Quizzes Today


Score Distribution

Your Account Isn't Verified!

In order to create a playlist on Sporcle, you need to verify the email address you used during registration. Go to your Sporcle Settings to finish the process.

Report this User

Report this user for behavior that violates our Community Guidelines.

Details: